Tolstoy

Spremljeno u:
Bibliografski detalji
Glavni autor: Tolstoy
Format: Knjiga
Jezik:Undetermined
Izdano: New York W. W. Norton & Co. 1988
Teme:
Oznake: Dodaj oznaku
Bez oznaka, Budi prvi tko označuje ovaj zapis!
Thư viện lưu trữ: Trung tâm Học liệu Trường Đại học Cần Thơ
LEADER 00514nam a2200169Ia 4500
001 CTU_46847
008 210402s9999 xx 000 0 und d
082 |a 891.733 
082 |b W747 
100 |a Tolstoy 
245 0 |a Tolstoy 
245 0 |c Tolstoy, A. N. Wilson; Dịch giả: Hoàng Oanh 
260 |a New York 
260 |b W. W. Norton & Co. 
260 |c 1988 
650 |a authors, russian - 19th century - biography,tolstoy, leo, graf, 1828-1920 
980 |a Trung tâm Học liệu Trường Đại học Cần Thơ